20 Biggest Cities in Nebraska - Statistics

General Stats
  • This quiz has been taken 61 times
  • The average score is 11 of 20
Answer Stats
Hint Answer % Correct
295,798 Lincoln
100%
480,194 Omaha
100%
52,486 Grand Island
86%
63,503 Bellevue
82%
34,523 Kearney
82%
22,261 North Platte
70%
24,814 Hastings
61%
14,264 Scottsbluff
61%
27,764 Fremont
59%
24,593 Columbus
57%
26,233 Norfolk
55%
23,593 Papillion
48%
16,202 La Vista
41%
13,800 South Sioux City
41%
8,220 York
36%
10,866 Lexington
34%
12,272 Beatrice
32%
8,023 Alliance
30%
8,967 Gretna
25%
8,503 Gering
20%
No matching quizzes found
Score Distribution
Percent of People with Each Score
Percentile by Number Answered
Your Score History
You have not taken this quiz